| 000 | 01072nam a22003257a 4500 | ||
|---|---|---|---|
| 001 | BR0205756 | ||
| 003 | BR-BrBNA | ||
| 005 | 20230928101215.0 | ||
| 007 | ta | ||
| 008 | 230509b bl.||||| |||| 00| 0 por d | ||
| 040 |
_aBR-BrBNA _bpor _cBiblioteca Nacional de Agricultura |
||
| 041 | _a(Por) | ||
| 072 |
_aL10 _b5213 |
||
| 090 | _ 5213 BR0205756 | ||
| 100 | 1 | _aSarreiro, L.C. | |
| 110 | 1 |
_aUniversidade Federal de Minas Gerais, Belo Horizonte (Brasil). Escola Veterinária _0Tese (Mestre em Medicina Veterinária) _910845 |
|
| 245 | 1 | _aEstimativas de herdabilidade e correlações genéticas entre perimetro escrotal, características seminais e libido de touros da raça Nelore | |
| 260 | 3 |
_aBelo Horizonte, MG (Brasil): _c2002. |
|
| 300 | _a36 p. | ||
| 500 | _aSummaries (Eng, Por); Bibliography p. 32-36; 9 tables | ||
| 650 | _aGADO NELORE | ||
| 650 | _aGENÉTICA ANIMAL | ||
| 650 | _aSÊMEN | ||
| 650 | _aANÁLISE | ||
| 650 | _aTESTÍCULO | ||
| 650 | _aTOURO | ||
| 650 | _aHEREDITARIEDADE | ||
| 909 |
_a202309 _bLucia _c55 _dLucia Elande |
||
| 942 | _cBK | ||
| 999 |
_c64724 _d64724 |
||